Instrument tehchnology (Record no. 1689)

MARC details
000 -LEADER
fixed length control field 00423nam a2200157Ia 4500
003 - CONTROL NUMBER IDENTIFIER
control field IN-BaIIA
008 - FIXED-LENGTH DATA ELEMENTS--GENERAL INFORMATION
fixed length control field 211028s9999 xx 000 0 eng d
040 ## - CATALOGING SOURCE
Transcribing agency IIA Library
080 ## - UNIVERSAL DECIMAL CLASSIFICATION NUMBER
Universal Decimal Classification number 621.1
Item number JON-2
100 ## - MAIN ENTRY--PERSONAL NAME
Personal name Jones, E. B
9 (RLIN) 2906
245 #0 - TITLE STATEMENT
Title Instrument tehchnology
Remainder of title vol. 2
Statement of responsibility, etc. E. B. Gareth Jones'
260 ## - PUBLICATION, DISTRIBUTION, ETC.
Place of publication, distribution, etc. London
Name of publisher, distributor, etc. Butterworths
Date of publication, distribution, etc. 1956
300 ## - PHYSICAL DESCRIPTION
Extent xi, 208p.
650 ## - SUBJECT ADDED ENTRY--TOPICAL TERM
Topical term or geographic name entry element Instrumentation technology
9 (RLIN) 2907
942 ## - ADDED ENTRY ELEMENTS (KOHA)
Koha item type Books
Holdings
Withdrawn status Lost status Damaged status Not for loan Home library Current library Shelving location Date acquired Total Checkouts Full call number Barcode Date last seen Price effective from Koha item type
        IIA Library-Bangalore IIA Library-Bangalore General Stacks     621.1/ JON-2 1852 05/11/2021   Books

Powered by Koha